Responses for Show #5020 - Friday, June 9, 2006

Craig Westphal game 1.

Contestants

[<< previous game]

Craig Westphal, a paramedic from Tucson, Arizona

Thomas Talbot, a bookstore manager from New York, New York

Roberta Ellington, a marketing coordinator from Tustin, California (whose 2-day cash winnings total $41,701)

[next game >>]

Jeopardy! Round responses

JOLIET
SING SING
OZ
(Alex: All the clues will refer to the books, not the movie.)
ANDERSONVILLE
CHATEAU "DIF"
(Alex: And finally, we'll deal with an unpleasant subject...)
PRISON LIFE
    $200 6
(Roberta: Who is Levalle?)

(Fr.) Marquette

Roberta
Triple Stumper
    $200 12
bang bang

Roberta
    $200 1
(Craig: Who is Toto?)

the Wizard

RobertaCraig
    $200 22
Anne Boleyn

Roberta
    $200 7
difficulty

Roberta
    $200 17
minimum security

Craig
    $400 27
Gulf of Mexico

Craig
    $400 13
Marky Mark

Craig
    $400 2
the flying monkeys

Roberta
    $400 23
Anderson Cooper

Roberta
    $400 8
(Roberta: What is distortion?)
(Craig: What is diffusion?)
...
(Alex: Correct response--what is [*]? As opposed to refraction.)

diffraction

RobertaCraig
Triple Stumper
    $400 18
protective custody

Craig
    $600 28
cartography

Craig
    $600 14
Duran Duran

Craig
    $600 3
the Emerald City

Thomas
    $600 24
Terry Anderson

Craig
    $600 9
the differential

Roberta
    $600 19
weightlifting

Roberta
    $800 29
the St. Lawrence River

Craig
    $800 15
the Go-Go's

Thomas
    $800 4
humbug

Triple Stumper
    $800 25
Marian Anderson

Craig
    $800 10
diffidence

Craig
    $800 20
the Aryan Brotherhood

Craig
    $1000 30
Louis XIV

Thomas
    $1000 16
Bow Wow Wow

Craig
    $1000 5
(Alex: Ah, we learn something new every day here on Jeopardy! [*], not ruby red.)

silver

Triple Stumper
    $1000 26
Jack Anderson

Craig
    $1,000 11
(Craig: What is differentiation?)
(Alex: No, you said it a little while ago. What is [*]? [*]. Now was the time for that response.)

diffusion

Craig
    $1000 21
a count

Triple Stumper

Scores at the first commercial break (after clue 14):

Roberta Thomas Craig
$1,000 $600 $200

Scores at the end of the Jeopardy! Round:

Roberta Thomas Craig
$2,200 $2,400 $6,800

Double Jeopardy! Round responses

CITY OF THE DAY: MINNEAPOLIS
FROM BOOK TO FILM
(Alex: We'll name a book, you ID the movie based on it.)
CRITTERS OF THE AMAZON
WORLD LEADERS
SHOW SOME PRIDE
CREW CLUES
    $400 25
Longfellow

Craig
    $400 1
Field of Dreams

Craig
    $400 20
the piranha

Thomas
    $400 15
the Ukraine

Thomas
    $400 10
the ego

Craig
    $400 6
the coxswain

Roberta
    $800 26
pond hockey

Roberta
    $800 2
Planet of the Apes

Craig
    $800 21
(Craig: What is a wolf spider?)

tarantula

ThomasCraig
    $1,900 16
(Alex: You ID'd Victor Yuschenko, and you can now profit.)
...
(Alex: [*] in Uganda.)

Idi Amin

Thomas
    $800 11
a strut

Roberta
    $800 7
the blade

Thomas
    $1200 27
a shopping mall

Craig
    $1200 3
Goodfellas

Craig
    $1200 22
a manatee

Craig
    $1200 17
Hugo Chavez

Craig
    $1200 12
(Craig: What is haute? Haute theory? What is haute theory?)

hauteur

Craig
Triple Stumper
    $1200 8
(Alex: I never heard this word in this context. It's called the [*]--the one who sits just in front of the coxswain.)

stroke

Triple Stumper
    $1600 28
marble

Roberta
    $3,000 4
What's Love Got to Do with It

Craig
    $1600 23
an anaconda

Craig
    $1600 18
(Alex: And that would be Her Majesty [*].)

Queen Elizabeth II

Triple Stumper
    $1600 13
a swagger

Craig
    $1600 9
(Thomas: What are the Nationals?)

the Regatta

Thomas
Triple Stumper
    $2000 29
Claes Oldenburg

Triple Stumper
    $2000 5
[Applause for Craig's run of the category]
(Alex: You ran the category. Congratulations, well done. Boy, Craig, I'll tell you something. You must have gotten really ticked being in the hole for a good 2 or 3 clues, because you are relentless since then!)
(Craig: Nothing to--nothing like that to focus your mind, doesn't it?)

Blade Runner

Craig
    $2000 24
a capybara

Craig
    $2000 19
(Roberta: What is... Jordan?)
(Thomas: What is Kuwait?)

Saudi Arabia

RobertaThomasCraig
    $2000 14
vain (vainglory accepted)

Craig
    $2000 30
sculling

Triple Stumper

Scores at the end of the Double Jeopardy! Round:

Roberta Thomas Craig
$3,800 $3,100 $25,800
(lock game)

[wagering suggestions for these scores]

Final Jeopardy! Round responses

ROYALTY
(Alex: Short trial. Found guilty. Executed.)
...
(Alex: [To Craig] I hope you bet a bundle. Oooh!)
(Craig: My wife would kill me.)
ThomasWho is Charles [II scribbled out] I?
$3,100
RobertaWho is Charles I of England?
$3,101
CraigWho is Charles I?
$800
Charles I (of England)

Final scores:

Roberta Thomas Craig
$6,901 $6,200 $26,600
2nd place: $2,000 3rd place: $1,000 New champion: $26,600

Game dynamics:

Coryat scores:

Roberta Thomas Craig
$3,800 $2,000 $25,400
12 R,
3 W
8 R
(including 1 DD),
2 W
28 R
(including 1 DD),
5 W
(including 1 DD)

Combined Coryat: $31,200

[game clues] [game scores] [suggest correction]

Game tape date: Unknown
The J! Archive is created by fans, for fans. Scraping, republication, monetization, and malicious use prohibited; this site may use cookies and collect identifying information. See terms. The Jeopardy! game show and all elements thereof, including but not limited to copyright and trademark thereto, are the property of Jeopardy Productions, Inc. and are protected under law. This website is not affiliated with, sponsored by, or operated by Jeopardy Productions, Inc. Join the discussion at JBoard.tv.